000
00264nam a2200085Ia 4500
245
0
_a
Financial statements demystified : a self-teaching guide
100
_a
KRAMER, Bonita K. New York, 2009
_9
81096
942
_c
BK
008
210817s9999 xx 000 0 und d
999
_c
287231
_d
287230